[Event "Chorzow OPEN FIDE"]
[Site "MDK Chorzow Batory"]
[Date "2010.03.26"]
[Round "7.10"]
[White "Semik, Tomasz"]
[Black "Richter, Bronislaw"]
[Result "1-0"]
[WhiteElo "1968"]
[BlackElo "1834"]
[PlyCount "69"]
[EventDate "2010.??.??"]

1. Nf3 b5 2. g3 Bb7 3. Bg2 c5 4. c3 Nc6 5. d4 cxd4 6. Nxd4 a6 7. O-O e5 8. Nf5
Qc7 9. e4 g6 10. Ne3 Nf6 11. Re1 Bg7 12. b3 d6 13. Nd2 O-O 14. Bb2 Ne7 15. Rc1
Rac8 16. c4 Qb6 17. Qe2 Nd7 18. Bf1 Bc6 19. Nd5 Qd8 20. Qe3 f5 21. f3 Nc5 22.
Ba3 f4 23. Qe2 Ne6 24. Bh3 Nd4 25. Qd3 Bxd5 26. cxd5 Rxc1 27. Rxc1 Qb6 28. Kg2
fxg3 29. hxg3 Bh6 30. Rf1 Qa5 31. Bxd6 Rc8 32. Bxc8 Nxc8 33. Bxe5 Bxd2 34. Qxd4
Bh6 35. Rf2 1-0

[Event "Chorzow OPEN FIDE"]
[Site "MDK Chorzow Batory"]
[Date "2010.03.26"]
[Round "7.11"]
[White "Czornik, Janusz"]
[Black "Jelonek, Michal"]
[Result "0-1"]
[WhiteElo "1829"]
[BlackElo "1959"]
[PlyCount "120"]
[EventDate "2010.??.??"]

1. e4 c6 2. d4 d5 3. e5 Bf5 4. h4 h6 5. g4 Bd7 6. c4 dxc4 7. Bxc4 e6 8. Nc3 Ne7
9. f4 Nd5 10. Nxd5 cxd5 11. Bb3 Nc6 12. Ne2 Qb6 13. a3 Be7 14. Ba2 h5 15. g5 a5
16. Qb3 Qa7 17. Be3 a4 18. Qd3 g6 19. Nc3 Na5 20. O-O O-O 21. Kh2 Qa6 22. Qxa6
Rxa6 23. Rfc1 b5 24. Nd1 Nc4 25. Bxc4 dxc4 26. Bd2 Rd8 27. Ne3 Bc6 28. Bc3 Be4
29. Nc2 Bxc2 30. Rxc2 Kf8 31. Kg3 Ke8 32. Rd2 Rd5 33. Bb4 Bd8 34. Kf3 Kd7 35.
Ke4 Kc6 36. Rf2 Rxd4+ 37. Kxd4 Bb6+ 38. Kc3 Bxf2 39. Rd1 Kc7 40. Bd6+ Kc8 41.
Kb4 Rc6 42. Kxb5 Rb6+ 43. Kxa4 Rxb2 44. Rc1 Bxh4 45. Rxc4+ Kb7 46. Rc7+ Kb6 47.
Rxf7 Bg3 48. Rf6 h4 49. Rxg6 h3 50. Rh6 h2 51. f5 exf5 52. Bb4+ Kc7 53. Bd6+
Kd7 54. g6 Bf4 55. g7 Rg2 56. Rh7 Ke6 57. Bf8 Bxe5 58. Kb5 f4 59. Kc6 f3 60.
Rh6+ Kf7 0-1

[Event "Chorzow OPEN FIDE"]
[Site "MDK Chorzow Batory"]
[Date "2010.03.26"]
[Round "7.12"]
[White "Faron, Rafal"]
[Black "Michalski, Edmund"]
[Result "1/2-1/2"]
[WhiteElo "1721"]
[BlackElo "1906"]
[PlyCount "78"]
[EventDate "2010.??.??"]

1. d4 d5 2. c4 e6 3. Nc3 Nf6 4. Bg5 Be7 5. e3 c6 6. Bd3 Nbd7 7. Nf3 b6 8. O-O
Bb7 9. Qc2 Rc8 10. Rac1 O-O 11. Ne5 h6 12. Bxf6 Nxf6 13. cxd5 Nxd5 14. Nxd5
cxd5 15. Qb1 Qd6 16. Bh7+ Kh8 17. Rxc8 Bxc8 18. Rc1 Bb7 19. Bd3 Kg8 20. Bh7+
Kh8 21. Bd3 Kg8 22. f4 Rc8 23. Rxc8+ Bxc8 24. a3 Qc7 25. Qc2 Qxc2 26. Bxc2 Bb7
27. Ba4 f6 28. Nc6 Bxc6 29. Bxc6 Kf7 30. g4 Bd6 31. h4 Ke7 32. f5 Bg3 33. h5
Be1 34. a4 Kd6 35. Bb7 e5 36. Kf1 Bd2 37. Ke2 Bc1 38. b3 exd4 39. exd4 a5
1/2-1/2

[Event "Chorzow OPEN FIDE"]
[Site "MDK Chorzow Batory"]
[Date "2010.03.26"]
[Round "7.13"]
[White "Rychlik, Bogdan"]
[Black "Stepniewski, Jerzy"]
[Result "0-1"]
[WhiteElo "1906"]
[BlackElo "1794"]
[PlyCount "37"]
[EventDate "2010.??.??"]

1. e4 g6 2. d4 Bg7 3. Nf3 d6 4. c4 e6 5. Bd3 Nc6 6. Be3 Bd7 7. a3 e5 8. d5 Nce7
9. Nc3 f5 10. g3 Nf6 11. Ng5 Qc8 12. h3 h6 13. Ne6 Bxe6 14. dxe6 Qxe6 15. exf5
gxf5 16. Nb5 Qd7 17. Nxa7 c6 18. Bb6 O-O 19. a4 {dalej zapis nieczytelny} 0-1

[Event "Chorzow OPEN FIDE"]
[Site "MDK Chorzow Batory"]
[Date "2010.03.26"]
[Round "7.14"]
[White "Santura, Janusz"]
[Black "Klementys, Jerzy"]
[Result "0-1"]
[WhiteElo "1876"]
[BlackElo "1809"]
[PlyCount "72"]
[EventDate "2010.??.??"]

1. d4 Nf6 2. Nf3 g6 3. c4 Bg7 4. Nc3 d6 5. e4 O-O 6. Be2 e5 7. d5 c6 8. Bg5 h6
9. Bh4 g5 10. Bg3 Na6 11. Nd2 Ne8 12. O-O f5 13. f3 f4 14. Bf2 c5 15. a3 Nf6
16. h3 Nh5 17. Qc2 Rf6 18. Rfb1 Rg6 19. Nf1 Bd7 20. b4 b6 21. Rb2 Nf6 22. Nh2
h5 23. Qd1 Qc8 24. Nb5 Bf8 25. bxc5 Nxc5 26. a4 g4 27. hxg4 hxg4 28. Bxc5 Qxc5+
29. Kh1 g3 30. Qg1 Rh6 31. Qxc5 bxc5 32. Nc7 Rd8 33. Rb7 a6 34. Rab1 Bc8 35.
Ra7 Rd7 36. Rb8 Rdh7 0-1

[Event "Chorzow OPEN FIDE"]
[Site "MDK Chorzow Batory"]
[Date "2010.03.26"]
[Round "7.16"]
[White "Gwozdzik, Zbigniew"]
[Black "Kostowski, Andrzej"]
[Result "0-1"]
[WhiteElo "1923"]
[BlackElo "1774"]
[PlyCount "70"]
[EventDate "2010.??.??"]

1. c4 c5 2. Nf3 Nc6 3. g3 g6 4. Bg2 Bg7 5. O-O Nf6 6. Nc3 a6 7. d4 cxd4 8. Nxd4
O-O 9. e4 d6 10. Nc2 Bd7 11. Rb1 Rc8 12. Qe2 Ne8 13. Nd5 e6 14. Nde3 Qa5 15. a3
Qb6 16. Bd2 Nd4 17. Nxd4 Bxd4 18. b3 Bc6 19. Nc2 Bg7 20. Be3 Qc7 21. Rbd1 Be5
22. f4 Bg7 23. Qf2 b5 24. c5 Ba8 25. b4 Nf6 26. Rxd6 Bxe4 27. h3 Bxg2 28. Qxg2
Nd5 29. Rd1 a5 30. Bd4 axb4 31. Bxg7 Qxc5+ 32. Kh2 Kxg7 33. R6xd5 exd5 34. Nxb4
d4 35. Qe4 Rfe8 0-1

[Event "Chorzow OPEN FIDE"]
[Site "MDK Chorzow Batory"]
[Date "2010.03.26"]
[Round "7.18"]
[White "Tomanek, Jerzy"]
[Black "Marek, Eugeniusz"]
[Result "0-1"]
[WhiteElo "1866"]
[BlackElo "1887"]
[PlyCount "112"]
[EventDate "2010.??.??"]

1. e4 c6 2. d4 d5 3. e5 Bf5 4. Bd3 Bxd3 5. Qxd3 e6 6. Ne2 c5 7. c3 Nc6 8. O-O
Nge7 9. Ng3 Qb6 10. Rd1 g6 11. b3 h5 12. Bg5 Bg7 13. Na3 a6 14. Nc2 h4 15. Nf1
Nf5 16. Nfe3 Rh5 17. Nxf5 gxf5 18. Qe3 cxd4 19. cxd4 Kd7 20. Rac1 Rg8 21. Bf4
h3 22. g3 Bf8 23. Qe2 Rh7 24. Be3 Be7 25. a3 Bg5 26. Bxg5 Rxg5 27. Qe3 Rg4 28.
f3 Rg8 29. b4 Rc8 30. Na1 Ke7 31. Nb3 Rg8 32. Rc3 Rh4 33. f4 Rhh8 34. Rdc1 Rc8
35. Kf2 Na7 36. Rxc8 Rxc8 37. Rxc8 Nxc8 38. g4 fxg4 39. Kg3 Qb5 40. Kxg4 Qa4
41. Nd2 Qc2 42. Kxh3 Nb6 43. Nb3 Nc4 44. Qg3 Qf5+ 45. Qg4 Qxg4+ 46. Kxg4 Nxa3
47. Nc5 Nc2 48. Nxb7 Nxb4 49. Nc5 a5 50. h4 Nc2 51. Nb3 a4 52. Nc5 a3 53. Nb3
a2 54. h5 a1=Q 55. Nxa1 Nxa1 56. h6 Kf8 0-1

[Event "Chorzow OPEN FIDE"]
[Site "MDK Chorzow Batory"]
[Date "2010.03.26"]
[Round "7.22"]
[White "Czornik, Adam"]
[Black "Solek, Zenon"]
[Result "0-1"]
[WhiteElo "1766"]
[BlackElo "1895"]
[PlyCount "48"]
[EventDate "2010.??.??"]

1. e4 c5 2. Nf3 e6 3. d4 cxd4 4. Nxd4 a6 5. Nc3 Qc7 6. Be2 b5 7. a3 Bb7 8. Be3
Nf6 9. f3 d5 10. exd5 Nxd5 11. Nxd5 Bxd5 12. Qd2 Bd6 13. Nf5 Be5 14. O-O-O O-O
15. Bd4 Nc6 16. Bxe5 Qxe5 17. Ne3 Rfd8 18. Bd3 Bc4 19. Ng4 Qh5 20. Qe3 Bxd3 21.
Rxd3 Rxd3 22. cxd3 Qd5 23. Qe4 Qd6 24. Kd2 f5 0-1

[Event "Chorzow OPEN FIDE"]
[Site "MDK Chorzow Batory"]
[Date "2010.03.26"]
[Round "7.23"]
[White "Muc, Zbigniew"]
[Black "Buchowski, Adam"]
[Result "0-1"]
[WhiteElo "1835"]
[BlackElo "1873"]
[PlyCount "40"]
[EventDate "2010.??.??"]

1. e4 c5 2. d4 cxd4 3. c3 dxc3 4. Nxc3 Nc6 5. Nf3 e6 6. Bc4 a6 7. O-O b5 8. Bb3
d6 9. Be3 Bd7 10. Qe2 Nf6 11. Rfd1 Be7 12. Rac1 O-O 13. h3 Qb8 14. Bc2 Rd8 15.
Bb1 Ne5 16. Nd2 b4 17. f4 bxc3 18. fxe5 cxd2 19. exf6 dxc1=Q 20. Rxc1 Bxf6 0-1

[Event "Chorzow OPEN FIDE"]
[Site "MDK Chorzow Batory"]
[Date "2010.03.27"]
[Round "8.1"]
[White "Koziak, Vitali"]
[Black "Kalinin, Oleg"]
[Result "1/2-1/2"]
[WhiteElo "2478"]
[BlackElo "2366"]
[PlyCount "23"]
[EventDate "2010.??.??"]

1. d4 d5 2. c4 c6 3. Nc3 Nf6 4. cxd5 cxd5 5. Bf4 Nc6 6. e3 a6 7. Nf3 Bg4 8. Be2
e6 9. O-O Bxf3 10. Bxf3 Bd6 11. Bxd6 Qxd6 12. Rc1 1/2-1/2

[Event "Chorzow OPEN FIDE"]
[Site "MDK Chorzow Batory"]
[Date "2010.03.27"]
[Round "8.2"]
[White "Sroka, Janusz"]
[Black "Piesik, Piotr"]
[Result "0-1"]
[WhiteElo "2114"]
[BlackElo "2273"]
[PlyCount "96"]
[EventDate "2010.??.??"]

1. e4 e6 2. d3 d5 3. Nd2 c5 4. g3 Nc6 5. Bg2 Nf6 6. Ngf3 Be7 7. O-O Qc7 8. Re1
b6 9. Qe2 Bb7 10. c3 O-O-O 11. a3 Rdg8 12. b4 g5 13. b5 Nd8 14. exd5 Bxd5 15.
c4 Bb7 16. Bb2 g4 17. Nh4 Bxg2 18. Kxg2 h5 19. a4 Nb7 20. Be5 Qd8 21. Ne4 Rh7
22. a5 bxa5 23. Nxf6 Bxf6 24. Bxf6 Qxf6 25. Qe4 Rhh8 26. Qc6+ Kb8 27. b6 Rc8
28. bxa7+ Ka8 29. Qb5 Rhd8 30. Reb1 Qe7 31. Kg1 Qc7 32. Ng2 Rxd3 33. Nf4 Rd2
34. Nxh5 Qc6 35. Nf6 Qxb5 36. Rxb5 Rd4 37. h3 gxh3 38. Kh2 Rc7 39. Kxh3 Rxc4
40. Ne8 Rd7 41. Nf6 Rd8 42. Rb6 Rc8 43. Ra6 Rd4 44. Kg2 c4 45. Kf3 c3 46. Ke2
Nc5 47. Rb6 a4 48. Rb5 Nb3 0-1

[Event "Chorzow OPEN FIDE"]
[Site "MDK Chorzow Batory"]
[Date "2010.03.27"]
[Round "8.3"]
[White "Sztwiertnia, Krzysztof"]
[Black "Swiatloch, Tomasz"]
[Result "1-0"]
[WhiteElo "2082"]
[BlackElo "2113"]
[PlyCount "67"]
[EventDate "2010.??.??"]

1. e4 c5 2. Nf3 d6 3. d4 cxd4 4. Nxd4 Nf6 5. Nc3 a6 6. Bg5 e6 7. f4 Be7 8. Qf3
Qc7 9. O-O-O Nbd7 10. g4 b5 11. Bxf6 Nxf6 12. g5 Nd7 13. f5 Bxg5+ 14. Kb1 Ne5
15. Qh5 Qe7 16. fxe6 g6 17. exf7+ Kxf7 18. Qe2 Bg4 19. Qf2+ Qf6 20. Qxf6+ Bxf6
21. Be2 Bc8 22. Rhf1 Kg7 23. Nd5 Bd8 24. Nf4 Re8 25. Rg1 Ra7 26. Nf5+ Bxf5 27.
exf5 Bb6 28. Rg2 Bc5 29. fxg6 hxg6 30. Bh5 Rae7 31. Nxg6 Nxg6 32. Bxg6 Re2 33.
Rg4 Re1 34. Bxe8+ 1-0

[Event "Chorzow OPEN FIDE"]
[Site "MDK Chorzow Batory"]
[Date "2010.03.27"]
[Round "8.4"]
[White "Kuciel, Wladyslaw"]
[Black "Kempa, Stefan"]
[Result "1/2-1/2"]
[WhiteElo "2066"]
[BlackElo "2072"]
[PlyCount "119"]
[EventDate "2010.??.??"]

1. d4 Nf6 2. Nf3 e6 3. c4 d5 4. g3 c6 5. Bg2 a6 6. O-O dxc4 7. Ne5 Nbd7 8. Nxc4
Be7 9. Bd2 O-O 10. Ba5 b6 11. Bxc6 Ra7 12. Nxb6 Nxb6 13. Qb3 Nfd5 14. Bxd5 Qxd5
15. Bxb6 Qxb3 16. axb3 Rd7 17. Nc3 Bb7 18. Na4 Ra8 19. Bc5 Bd8 20. b4 f6 21.
Rfd1 Kf7 22. Nc3 Bc7 23. f3 g5 24. b5 axb5 25. Rxa8 Bxa8 26. Nxb5 h5 27. Kf2
Bb8 28. Nc3 g4 29. b4 Kg6 30. b5 f5 31. f4 h4 32. e4 fxe4 33. Ke3 Kf5 34. Ne2
Rh7 35. Rd2 hxg3 36. Nxg3+ Kg6 37. Nxe4 Rh3+ 38. Ng3 Bb7 39. Be7 Rh7 40. Bc5
Rf7 41. Rf2 Bf3 42. Ne2 Rb7 43. b6 Rf7 44. h4 Kh5 45. f5 Rxf5 46. Be7 Rb5 47.
Nf4+ Kh6 48. Bg5+ Kh7 49. Rd2 Rxb6 50. Nd3 Bd5 51. Bf4 Rb3 52. Bxb8 Rxb8 53.
Kf4 Kh6 54. Kxg4 Rg8+ 55. Kf4 Kh5 56. Ne5 Rf8+ 57. Ke3 Rf1 58. Rf2 Rxf2 59.
Kxf2 Kxh4 60. Ng6+ 1/2-1/2

[Event "Chorzow OPEN FIDE"]
[Site "MDK Chorzow Batory"]
[Date "2010.03.27"]
[Round "8.5"]
[White "Bezimienny, Daniel"]
[Black "Mulet, Piotr"]
[Result "0-1"]
[WhiteElo "1828"]
[BlackElo "2352"]
[PlyCount "64"]
[EventDate "2010.??.??"]

1. e4 c5 2. Nf3 d6 3. d4 cxd4 4. Nxd4 Nf6 5. f3 Qb6 6. c4 Nc6 7. Nb3 Be6 8. Nc3
Rc8 9. Nd5 Bxd5 10. cxd5 Nb4 11. Bd3 g6 12. Qe2 Bg7 13. Be3 Nxd3+ 14. Qxd3 Qb4+
15. Bd2 Qa4 16. O-O Nd7 17. Rfc1 O-O 18. Bc3 Ne5 19. Qe2 Qc4 20. Qd2 Qa6 21.
Bd4 Nc4 22. Qf2 Ne5 23. Qd2 h5 24. Rxc8 Rxc8 25. Rc1 Rxc1+ 26. Nxc1 Qa4 27. Bc3
Kh7 28. b3 Qb5 29. h3 Qc5+ 30. Bd4 Nxf3+ 31. gxf3 Bxd4+ 32. Kg2 Be3 0-1

[Event "Chorzow OPEN FIDE"]
[Site "MDK Chorzow Batory"]
[Date "2010.03.27"]
[Round "8.6"]
[White "Galyga, Jozef"]
[Black "Matczyk, Bartosz"]
[Result "0-1"]
[WhiteElo "1874"]
[BlackElo "2013"]
[PlyCount "50"]
[EventDate "2010.??.??"]

1. e4 Nc6 2. Nf3 e5 3. Bb5 Nd4 4. Bc4 Nxf3+ 5. Qxf3 Qf6 6. Qg3 Bc5 7. Nc3 c6 8.
d3 d6 9. O-O Qg6 10. a3 b5 11. Bb3 Nf6 12. Qxg6 hxg6 13. Be3 Bxe3 14. fxe3 Ke7
15. d4 Bd7 16. h3 Rh4 17. Rad1 Rah8 18. Rf3 g5 19. Rdf1 g4 20. hxg4 Nxg4 21.
Rh3 Rxh3 22. Rxf7+ Ke8 23. gxh3 Rxh3 24. Rxg7 Rg3+ 25. Kf1 Nh2+ 0-1

[Event "Chorzow OPEN FIDE"]
[Site "MDK Chorzow Batory"]
[Date "2010.03.27"]
[Round "8.7"]
[White "Krasnodebska, Magdalena"]
[Black "Jelonek, Michal"]
[Result "1-0"]
[WhiteElo "2066"]
[BlackElo "1959"]
[PlyCount "67"]
[EventDate "2010.??.??"]

1. e4 c6 2. d4 d5 3. Nc3 dxe4 4. Nxe4 Bf5 5. Ng3 Bg6 6. h4 h6 7. Nf3 Nd7 8. h5
Bh7 9. Bd3 Bxd3 10. Qxd3 e6 11. Bd2 Ngf6 12. O-O-O Be7 13. Ne4 Nb6 14. Ne5 Nxe4
15. Qxe4 Qd5 16. Qxd5 Nxd5 17. g4 Bg5 18. Nd3 Bxd2+ 19. Rxd2 Nf6 20. Ne5 Rd8
21. c3 Rd5 22. f4 Ne4 23. Rg2 c5 24. g5 hxg5 25. fxg5 cxd4 26. cxd4 Nd6 27. h6
Nf5 28. Rc2 Ne7 29. Rc7 f6 30. Rxe7+ Kxe7 31. Ng6+ Kf7 32. Nxh8+ Kg8 33. Ng6
Kh7 34. Nf8+ 1-0

[Event "Chorzow OPEN FIDE"]
[Site "MDK Chorzow Batory"]
[Date "2010.03.27"]
[Round "8.8"]
[White "Ociepka, Tomasz"]
[Black "Widera, Jan"]
[Result "1-0"]
[WhiteElo "1871"]
[BlackElo "2065"]
[PlyCount "137"]
[EventDate "2010.??.??"]

1. e4 c5 2. Ne2 Nc6 3. Nbc3 g6 4. g3 Bg7 5. Bg2 e6 6. O-O Nge7 7. d3 d6 8. Be3
Nd4 9. Qd2 O-O 10. Nd1 Rb8 11. c3 Nxe2+ 12. Qxe2 Nc6 13. Qd2 b5 14. d4 cxd4 15.
cxd4 d5 16. Rc1 Bb7 17. exd5 exd5 18. Nc3 Qa5 19. b3 Rbd8 20. Rfd1 Rfe8 21.
Nxd5 Qxd2 22. Rxd2 Rd7 23. Nc3 a6 24. Rcd1 Nd8 25. Bxb7 Nxb7 26. Kg2 h5 27. Kf3
Nd6 28. a3 Nf5 29. h3 Rc8 30. Ne4 Re7 31. Rd3 Rce8 32. Nc5 a5 33. g4 hxg4+ 34.
hxg4 Nd6 35. Bf4 Rd8 36. Bxd6 Rxd6 37. d5 Rf6+ 38. Kg3 Rd6 39. f4 Bf8 40. Kf3
Kg7 41. Ne4 Rd8 42. g5 Red7 43. Nf6 Rd6 44. Rh1 Rxf6 45. gxf6+ Kxf6 46. Rg1
Bxa3 47. Ra1 Bb4 48. Rc1 Bd6 49. Rc6 a4 50. bxa4 bxa4 51. Ra6 Kf5 52. Rxa4 Rh8
53. Ra6 Rh3+ 54. Ke2 Rh2+ 55. Kd1 Bxf4 56. d6 Rh8 57. d7 Bc7 58. Rf3+ Bf4 59.
Rd3 Bc7 60. Rc6 Bd8 61. Re3 Rh7 62. Rd6 g5 63. Re8 Bc7 64. d8=Q Bxd8 65. Rdxd8
g4 66. Rg8 Rh2 67. Rd4 Rg2 68. Ke1 g3 69. Kf1 1-0

[Event "Chorzow OPEN FIDE"]
[Site "MDK Chorzow Batory"]
[Date "2010.03.27"]
[Round "8.9"]
[White "Kaczmarek, Aleksander"]
[Black "Semik, Tomasz"]
[Result "1-0"]
[WhiteElo "2009"]
[BlackElo "1968"]
[PlyCount "75"]
[EventDate "2010.??.??"]

1. e4 d5 2. exd5 Qxd5 3. Nf3 Nf6 4. d4 c6 5. c4 Qa5+ 6. Nc3 Bf5 7. Bd3 e6 8.
Bf4 Nbd7 9. O-O O-O-O 10. a3 Bxd3 11. Qxd3 Qf5 12. Qxf5 exf5 13. d5 Nh5 14. Be3
cxd5 15. Nxd5 a6 16. b4 f6 17. Nd4 g6 18. f4 Ng7 19. c5 Re8 20. Rac1 Nb8 21. a4
Re4 22. b5 Ne6 23. Rfd1 Nc7 24. Nb6+ Kd8 25. Ne6+ Ke7 26. Nxc7 Kf7 27. Bf2 Bh6
28. Ncd5 g5 29. Nc4 Kg6 30. Nd6 Rxa4 31. Ne7+ Kh5 32. Ndxf5 gxf4 33. Rd5 Bg5
34. h4 axb5 35. hxg5 fxg5 36. Ng7+ Kg4 37. Rd4 Ra2 38. Nef5 1-0

[Event "Chorzow OPEN FIDE"]
[Site "MDK Chorzow Batory"]
[Date "2010.03.27"]
[Round "8.10"]
[White "Leczycki, Pawel"]
[Black "Klementys, Jerzy"]
[Result "0-1"]
[WhiteElo "1989"]
[BlackElo "1809"]
[PlyCount "46"]
[EventDate "2010.??.??"]

1. d4 Nf6 2. c4 g6 3. Nc3 Bg7 4. e4 d6 5. f3 O-O 6. Be3 e5 7. d5 a6 8. Qd2 c6
9. O-O-O cxd5 10. Nxd5 Nxd5 11. Qxd5 Nc6 12. Qxd6 Qa5 13. a3 Rd8 14. Qc5 Rxd1+
15. Kxd1 Qa4+ 16. Kc1 Be6 17. Ne2 Bf8 18. Qb6 Qxc4+ 19. Nc3 Qb3 20. Bd3 Rc8 21.
Kb1 Nb4 22. Bc4 Bxc4 23. axb4 Bd3+ 0-1

[Event "Chorzow OPEN FIDE"]
[Site "MDK Chorzow Batory"]
[Date "2010.03.27"]
[Round "8.12"]
[White "Marek, Eugeniusz"]
[Black "Faron, Rafal"]
[Result "1/2-1/2"]
[WhiteElo "1887"]
[BlackElo "1721"]
[PlyCount "130"]
[EventDate "2010.??.??"]

1. d4 d5 2. Nf3 Nc6 3. Bf4 Nf6 4. e3 e6 5. Bb5 Bd6 6. Ne5 Bd7 7. Nxd7 Qxd7 8.
Bg5 Be7 9. Nd2 a6 10. Ba4 h6 11. Bh4 O-O 12. O-O Rac8 13. c3 b5 14. Bc2 Na5 15.
Nf3 Nc4 16. b4 Ne8 17. Bd3 Bxh4 18. Nxh4 Nb2 19. Qc2 Nxd3 20. Qxd3 Nd6 21. a4
c6 22. Nf3 Nc4 23. axb5 axb5 24. Nd2 Nxd2 25. Qxd2 Ra8 26. Qb2 Qb7 27. Rxa8
Rxa8 28. Ra1 f5 29. Ra2 Kf7 30. Qa1 Rxa2 31. Qxa2 g5 32. g3 h5 33. Kg2 Kf6 34.
Qa5 Ke7 35. h3 Kd7 36. Qa2 Ke8 37. f3 g4 38. fxg4 fxg4 39. hxg4 hxg4 40. Qe2
Qg7 41. e4 Kd7 42. Qa2 Qh6 43. Qa7+ Ke8 44. Qb8+ Kf7 45. exd5 Qd2+ 46. Kg1 Qe3+
47. Kh2 cxd5 48. Kg2 Qe2+ 49. Kg1 Qe3+ 50. Kg2 Qxc3 51. Qf4+ Ke7 52. Qxg4 Qxb4
53. Qg7+ Ke8 54. Qg8+ Kd7 55. Qf7+ Qe7 56. Qf1 b4 57. Qb5+ Kc8 58. g4 Qg7 59.
Qc6+ Kb8 60. Qb6+ Ka8 61. Qa6+ Kb8 62. Qb6+ Ka8 63. Qa6+ Kb8 64. Qb6+ Ka8 65.
Qa6+ Kb8 1/2-1/2

[Event "Chorzow OPEN FIDE"]
[Site "MDK Chorzow Batory"]
[Date "2010.03.27"]
[Round "8.14"]
[White "Michalski, Edmund"]
[Black "Santura, Janusz"]
[Result "0-1"]
[WhiteElo "1906"]
[BlackElo "1876"]
[PlyCount "120"]
[EventDate "2010.??.??"]

1. d4 d5 2. Nf3 Nf6 3. e3 Bg4 4. Nbd2 c6 5. c3 Nbd7 6. Qb3 Qb6 7. Qc2 e6 8. Bd3
Bd6 9. h3 Bh5 10. Ng5 Bg6 11. O-O Bxd3 12. Qxd3 O-O 13. e4 dxe4 14. Ndxe4 Nxe4
15. Qxe4 Nf6 16. Qe2 Rad8 17. Nf3 c5 18. Bg5 Be7 19. Rfe1 cxd4 20. Nxd4 Nd5 21.
Bxe7 Nxe7 22. Red1 Rd5 23. Rd2 Rfd8 24. Rad1 Ng6 25. Qe4 e5 26. Nb3 Rxd2 27.
Rxd2 Rxd2 28. Nxd2 Qxb2 29. Nb1 Qc1+ 30. Kh2 Qf4+ 31. Qxf4 Nxf4 32. Kg3 Kf8 33.
Kf3 f5 34. h4 Ke7 35. g3 Nd5 36. Ke2 Kd6 37. Kd3 Kc5 38. a3 e4+ 39. Kc2 b5 40.
Nd2 Nf6 41. Nb3+ Kc4 42. Na5+ Kd5 43. Kd2 Ng4 44. Ke2 Ne5 45. Nb3 Kc4 46. Nd4
g6 47. h5 a6 48. hxg6 hxg6 49. Ne6 a5 50. Kd2 a4 51. Nc7 Ng4 52. Ke2 Kxc3 53.
Nxb5+ Kb3 54. f3 exf3+ 55. Kxf3 Ne5+ 56. Kf4 Nf7 57. g4 fxg4 58. Kxg4 Ne5+ 59.
Kf4 Nc4 60. Kg5 Nxa3 0-1

[Event "Chorzow OPEN FIDE"]
[Site "MDK Chorzow Batory"]
[Date "2010.03.27"]
[Round "8.17"]
[White "Kurzok, Zenon"]
[Black "Czornik, Janusz"]
[Result "1/2-1/2"]
[WhiteElo "1682"]
[BlackElo "1829"]
[PlyCount "49"]
[EventDate "2010.??.??"]

1. e4 e6 2. d3 d5 3. Nd2 c5 4. Ngf3 Nf6 5. g3 b5 6. Bg2 Bb7 7. Qe2 Be7 8. O-O
Nc6 9. Re1 Qb6 10. Nf1 O-O-O 11. h3 h6 12. h4 dxe4 13. dxe4 Nd4 14. Nxd4 cxd4
15. Bf4 Nd7 16. c3 e5 17. Bd2 Bc5 18. cxd4 Bxd4 19. Be3 Nf6 20. Bxd4 Rxd4 21.
Nd2 Rhd8 22. Rac1+ Kb8 23. Nb3 Ra4 24. Rc5 a6 25. Rxe5 1/2-1/2

[Event "Chorzow OPEN FIDE"]
[Site "MDK Chorzow Batory"]
[Date "2010.03.27"]
[Round "8.19"]
[White "Solek, Zenon"]
[Black "Jopek, Krzysztof"]
[Result "1-0"]
[WhiteElo "1895"]
[BlackElo "1905"]
[PlyCount "53"]
[EventDate "2010.??.??"]

1. e4 c6 2. d4 d5 3. Nd2 dxe4 4. Nxe4 Nd7 5. Ng5 Ngf6 6. Bd3 e6 7. N1f3 h6 8.
Ne4 Qc7 9. Qe2 Nxe4 10. Qxe4 Nf6 11. Qe2 c5 12. Be3 a6 13. a4 Be7 14. O-O O-O
15. Ne5 b6 16. Bf4 Bd6 17. dxc5 Qxc5 18. Bg3 Bb7 19. Kh1 Rfd8 20. Rad1 Rac8 21.
Rfe1 b5 22. axb5 axb5 23. h3 Ra8 24. f3 Ra2 25. Nxf7 Bxg3 26. Nxd8 Bxe1 27.
Qxe6+ 1-0

[Event "Chorzow OPEN FIDE"]
[Site "MDK Chorzow Batory"]
[Date "2010.03.27"]
[Round "8.21"]
[White "Bogacki, Henryk"]
[Black "Tomanek, Jerzy"]
[Result "0-1"]
[WhiteElo "1615"]
[BlackElo "1866"]
[PlyCount "68"]
[EventDate "2010.??.??"]

1. e4 e6 2. d4 d5 3. e5 c5 4. c3 Qb6 5. Nf3 Nc6 6. Bd3 Bd7 7. dxc5 Bxc5 8. O-O
a5 9. b3 Nge7 10. Qe2 Ng6 11. Bg5 d4 12. c4 Qc7 13. Re1 Nb4 14. Bxg6 hxg6 15.
h3 Bc6 16. Nbd2 Nc2 17. Ne4 Nxe1 18. Nxe1 Be7 19. Bd2 Qxe5 20. Nc3 Qxe2 21.
Nxe2 Bf6 22. Ng3 O-O 23. Nd3 b6 24. f3 Rfe8 25. Re1 e5 26. Re2 Re6 27. Kh2 Rae8
28. Ne4 Be7 29. g4 f5 30. gxf5 gxf5 31. Nef2 Bh4 32. Ne1 e4 33. fxe4 fxe4 34.
Ng4 e3 0-1

[Event "Chorzow OPEN FIDE"]
[Site "MDK Chorzow Batory"]
[Date "2010.03.27"]
[Round "8.22"]
[White "Mirek, Lukasz"]
[Black "Hendel, Kazimierz"]
[Result "0-1"]
[WhiteElo "1643"]
[BlackElo "1686"]
[PlyCount "116"]
[EventDate "2010.??.??"]

1. e4 c6 2. d4 d5 3. Nc3 dxe4 4. Nxe4 Bf5 5. Ng3 e6 6. Nxf5 Qa5+ 7. c3 Qxf5 8.
Bd3 Qd5 9. Nf3 h6 10. c4 Qd8 11. Bd2 Be7 12. Bc3 Bf6 13. Bc2 Ne7 14. Qd3 Nd7
15. O-O-O Ng6 16. g3 Qc7 17. Qe2 Ne7 18. Ne1 O-O-O 19. f4 Rhe8 20. Nf3 Nf5 21.
Qf2 Nd6 22. b3 g6 23. Rd2 Bg7 24. Rhd1 Nf6 25. Re1 Ng4 26. Qg1 f5 27. h3 Nf6
28. Ne5 Nfe4 29. Rd3 Nxc3 30. Rxc3 Bxe5 31. dxe5 Qa5 32. b4 Qxa2 33. exd6 Qa1+
34. Kd2 Rxd6+ 35. Rd3 Rxd3+ 36. Bxd3 Qb2+ 37. Ke3 e5 38. fxe5 Qxe5+ 39. Kd2
Qb2+ 40. Kd1 Qb3+ 41. Bc2 Rd8+ 42. Kc1 Qa3+ 43. Kb1 Qxb4+ 44. Kc1 a5 45. Qe3
Kb8 46. Rd1 Rxd1+ 47. Kxd1 Qd6+ 48. Qd3 Kc7 49. Ke2 Qe5+ 50. Qe3 Kd6 51. g4
fxg4 52. hxg4 g5 53. Ba4 Qxe3+ 54. Kxe3 Kc5 55. Ke4 Kxc4 56. Kf5 b5 57. Bd1 a4
58. Bxa4 bxa4 0-1

[Event "Chorzow OPEN FIDE"]
[Site "MDK Chorzow Batory"]
[Date "2010.03.27"]
[Round "8.23"]
[White "Muc, Zbigniew"]
[Black "Czornik, Adam"]
[Result "0-1"]
[WhiteElo "1835"]
[BlackElo "1766"]
[PlyCount "112"]
[EventDate "2010.??.??"]

1. e4 e6 2. d4 d5 3. e5 c5 4. c3 Qb6 5. Nf3 Nc6 6. Bd3 Bd7 7. O-O cxd4 8. cxd4
Nxd4 9. Nxd4 Qxd4 10. Qe2 a6 11. Kh1 Ne7 12. Rd1 Nc6 13. Bxa6 Qxe5 14. Qxe5
Nxe5 15. Be2 Bc5 16. f4 Nc4 17. Nc3 Ke7 18. Nxd5+ exd5 19. Rxd5 Rhc8 20. Bxc4
Be6 21. Re5 Bd4 22. Bxe6 Rxc1+ 23. Rxc1 Bxe5 24. Bb3 Bxf4 25. Rf1 Rc8 26. g3
Rc1 27. Kg2 Rxf1 28. Kxf1 Bc1 29. Bd5 b6 30. b3 f6 31. a4 Ba3 32. Ke2 Kd6 33.
Bg8 h6 34. Kf3 Ke5 35. Ke3 g5 36. Kd3 f5 37. Kc4 Bc5 38. Kb5 Bg1 39. h3 f4 40.
g4 Bd4 41. Bh7 f3 42. Kc4 f2 43. Bd3 Be3 44. Bf1 Ke4 45. Be2 Kf4 46. Kd3 Bc5
47. Bf1 Kg3 48. Ke4 Kh2 49. Kf5 Kg1 50. Bc4 Kg2 51. Kg6 Kxh3 52. Kxh6 Kxg4 53.
Kg6 Kf4 54. Bf1 g4 55. Kf6 Kf3 56. Ke5 g3 0-1

[Event "Chorzow OPEN FIDE"]
[Site "MDK Chorzow Batory"]
[Date "2010.03.28"]
[Round "9.1"]
[White "Piesik, Piotr"]
[Black "Koziak, Vitali"]
[Result "1/2-1/2"]
[WhiteElo "2273"]
[BlackElo "2478"]
[PlyCount "132"]
[EventDate "2010.??.??"]

1. Nf3 Nf6 2. g3 d5 3. Bg2 c5 4. c3 Nc6 5. d4 e6 6. O-O Be7 7. b3 O-O 8. Nbd2
cxd4 9. cxd4 a5 10. a4 b6 11. Bb2 Ba6 12. Ne5 Rc8 13. Rc1 Nb4 14. Bf3 b5 15.
axb5 Bxb5 16. Rc3 Qb6 17. Qb1 Rxc3 18. Bxc3 Qa6 19. Re1 Rc8 20. Qb2 Ne8 21. Nb1
f6 22. Ng4 Nd6 23. Na3 Be8 24. Rc1 Bg6 25. Be1 Rxc1 26. Qxc1 Nf5 27. Qc7 Nc6
28. Nc2 Be8 29. Qf4 Qb5 30. Nge3 Bd6 31. Qg4 Bg6 32. Bxd5 exd5 33. Nxf5 Bf8 34.
Qf3 Bf7 35. Bd2 a4 36. bxa4 Qxa4 37. Qc3 Qb5 38. Bf4 g6 39. Nh6+ Bxh6 40. Bxh6
Ne7 41. Qc7 Nf5 42. Qc8+ Qe8 43. Qxe8+ Bxe8 44. Be3 Kf7 45. g4 Ba4 46. Nb4 Nxe3
47. fxe3 Ke6 48. Nd3 Kd6 49. Kf2 Bd7 50. Kf3 g5 51. h3 h6 52. Nf2 Ba4 53. e4
Bc2 54. Nd3 Bb1 55. Ke3 Ke6 56. Nc5+ Kd6 57. Nb7+ Kc7 58. Nc5 Kd6 59. exd5 Kxd5
60. Nd7 f5 61. Nf6+ Kc4 62. gxf5 Bxf5 63. Ng4 Kd5 64. Nxh6 Bxh3 65. Nf7 Bf1 66.
Nxg5 Bxe2 1/2-1/2